000 00806pam a2200277 a 4500
001 3184
005 20240216085054.0
020 _a9780516454573
040 _aDLC
_cDLC
_dDLC
_beng
050 0 0 _aBF299.S5
_b1995
082 0 0 _a530
100 1 _aPluckrose, Henry
_d1931-
245 1 0 _aSize /
_cby Pluckrose, Henry
260 _aChicago :
_bChildrens Press,
_c1995
300 _a31 pages :
_bcolor illustrations ;
_c23 cm.
490 _aMath Counts
505 _aJ
520 _a"Explains to the reader about mathematical size."--
521 _a500
_bLexile
521 _aJ
_bRaz-Plus
650 0 _aSize perception
_xJuvenile literature.
650 0 _aSize judgment
_xJuvenile literature.
650 1 _aSize.
906 _a7
_bcbc
_corignew
_d1
_eocip
_f19
_gy-gencatlg
942 _2ddc
_cBK
_n0
999 _c3184
_d3184